000 01102 aa a2200217 4500
999 _c61408
_d61408
005 20181127120046.0
020 _a
_c270.00
035 _a B-234688
035 _a B-234706
035 _a B-234710 B-234713
037 _bDBAD / PUB
082 _a000
245 _aआर गुप्ता कृत पॉपुलर मास्टर गाइड एल.आई.सी., ए.ए.ओ./सहायक प्रशासनिक अधिकारी परीक्षा /
246 _aR. Gupta krita popular master guide L.I.C., A.A.O. / sahaayaka praasanika adhikarii
260 _aनई दिल्ली
_bरमेश पब्लिशिंग हाउस
_c2008
270 _a12-एच, न्यू दरियागंज रोड, ट्रैफिक कोतवाली के सामने
_bनई दिल्ली
_cदिल्ली
_e110002
300 _aवि.पृ.
_c25सेमी (अजिल्द)
650 _aसामान्य ज्ञान
650 _aGeneral kowledge
942 _adpl
_cHN
_2ddc
_mआरगु
_h000